000 01303nam0a22002651 4500
001 rc\3550560
005 20260407161029.0
021 _aRU
_b[69-65569]
035 _a(NLR Aleph) 007674878
090 _a6474649
_c6474649
100 _a20130115d1969 |||y0rusy50 ca
101 0 _arus
102 _aRU
105 _ay z |||||
200 1 _aТезисы докладов
_fАН СССР. Науч. совет по комплексной проблеме "Физика твердого тела". Ин-т физики СО АН СССР. Краснояр. гос. ун-т. Всесоюз. совещание по физ. свойствам монокристаллов ферритов. 24 июня - 4 июля 1969 г.
210 _aКрасноярск
_cБ. и.
_d1969
215 _a[1], 106 с.
_d24х10
320 _aАвт. указатель: с. 85-90
606 _aФерриты
_xКристаллическая структура
_jТезисы докладов
_2psbo
710 1 2 _aВсесоюзное совещание по физическим свойствам монокристаллов ферритов
_f1969
_eКрасноярск
_3RU\NLR\AUTH\8810098835
_9698682
801 0 _aRU
_bNLR
_gpsbo
801 1 _aRU
_bELAR
_2rusmarc
852 _aNLR
_j69-7/1821
942 _cBOOK
980 _aNB